Revista clave

Detalles Bibliográficos
Formato: eBook
Lenguaje:español
Publicado: [Puerto rico] : Universidad Interamericana de Puerto Rico, 2006 -
Materias:
Acceso en línea:Acceso restringido

MARC

LEADER 00000nam a22000007a 4500
005 20120622143029.0
007 cr|||| ||||
008 120622s20062010pr |||| s|||| 0||| 1spa d
035 |a 6533 
040 |a vLex 
090 |c 3237  |d 3237 
245 0 0 |a Revista clave  |h [Recurso electrn̤ico] 
256 |a Servicio en ln̕ea 
260 |a [Puerto rico] :  |b Universidad Interamericana de Puerto Rico,  |c 2006 - 
300 |a 1 recurso electrn̤ico 
310 |a Anual 
362 |a Nm︢. 1 (2006) - 
506 1 |a Contenido solo disponible en los productos indicados  |d vLex Global   |d vLex Global (Academic Edition, excluding Law Schools)   |d vLex Global (U.S. Academic Edition, Law Schools)   |d vLex Global (U.S. Academic Edition, excluding Law Schools)   |d vLex Global (Academic Edition, Law Schools)  
650 0 4 |a Derecho  |z Puerto Rico 
740 0 |a vLex Revistas (Servicio en ln̕ea) 
856 4 0 |u http://vlex.com/source/revista-clave-6533  |z Acceso restringido 
942 |c REV 
999 0 |a Law